[Event "9th LGA Premium Cup"]
[Site "Nuernberg GER"]
[Date "2012.09.07"]
[Round "2.60"]
[White "Zier,O"]
[Black "Heppert,L"]
[Result "1-0"]
[WhiteElo "2154"]
[BlackElo "1956"]

1.d4 d5 2.c4 c6 3.Nc3 Nf6 4.e3 e6 5.Nf3 Nbd7 6.Qc2 Bd6 7.b3 O-O 8.Be2 e5
9.cxd5 cxd5 10.Nb5 Bb4+ 11.Bd2 Bxd2+ 12.Nxd2 e4 13.O-O a6 14.Nc7 Rb8 15.f3 b5
16.a4 Bb7 17.axb5 Rc8 18.Rfc1 Ne8 19.bxa6 Rxc7 20.Qb2 Rxc1+ 21.Rxc1 Ba8 22.b4 Nd6
23.f4 Qb6 24.b5 Rb8 25.Rb1 Nf8 26.Qb4 Ne6 27.Nb3 Rc8 28.Bf1 Nc4 29.Kf2 Nd6
30.Qa5 Rc2+ 31.Kg1 Nc8 32.Qb4 Nd6 33.Qa5 Nc8 34.Qb4 Nd6 35.f5 Nc7 36.Nc5 Nxf5
37.Nd7 Qg6 38.Qf8+  1-0

[Event "9th LGA Premium Cup"]
[Site "Nuernberg GER"]
[Date "2012.09.07"]
[Round "4.79"]
[White "Pfadenhauer,T"]
[Black "Heppert,L"]
[Result "1-0"]
[WhiteElo "1801"]
[BlackElo "1956"]

1.d4 d5 2.c4 c6 3.Nf3 Nf6 4.Nc3 e6 5.e3 Nbd7 6.Qc2 Bd6 7.cxd5 exd5 8.Bd3 O-O
9.O-O b6 10.Rb1 c5 11.b3 Bb7 12.a4 Rc8 13.Nb5 Bb8 14.Qe2 Re8 15.Bd2 Ne4 16.Rfc1 Ndf6
17.h3 Nd6 18.Rc2 c4 19.bxc4 dxc4 20.Bxc4 Be4 21.Nxd6 Qxd6 22.Rbc1 Bxc2 23.Rxc2 Qe7
24.Qd3 Ne4 25.Bc1 Nd6 26.Ba3 h6 27.Ne5 Rf8 28.Bxf7+ Rxf7 29.Rxc8+ Nxc8 30.Bxe7 Rxe7
31.Qc4+ Kh7 32.Qxc8 Bd6 33.Qf5+ Kg8 34.Ng6 Rc7 35.Qe6+  1-0

[Event "11th Kesarovski-Stanchev Mem"]
[Site "Sunny Beach BUL"]
[Date "2012.09.07"]
[Round "7.36"]
[White "Galicek,S"]
[Black "Nadrchal,T"]
[Result "1/2-1/2"]
[WhiteElo "2164"]
[BlackElo "2017"]

1.d4 d5 2.c4 c6 3.Nf3 Nf6 4.e3 e6 5.Nc3 Bd6 6.Qc2 O-O 7.Bd3 Nbd7 8.O-O dxc4
9.Bxc4 e5 10.h3 Re8 11.Ng5 Re7 12.Rd1 exd4 13.exd4 Nb6 14.Bf1 Qe8 15.Nf3 h6
16.Bd2 Be6 17.a3 Rd8 18.Rac1 Bc7 19.Be3 Nbd5 20.Bd2 Nb6 21.Be3 Nbd5 22.Bd2  1/2-1/2

[Event "FSGM Sept 2012"]
[Site "Budapest HUN"]
[Date "2012.09.08"]
[Round "7.4"]
[White "Kantor,G"]
[Black "Todorovic,GM"]
[Result "1-0"]
[WhiteElo "2310"]
[BlackElo "2502"]

1.d4 d5 2.c4 e6 3.Nc3 c6 4.e3 Nf6 5.Nf3 Nbd7 6.Qc2 Bd6 7.Bd3 O-O 8.O-O dxc4
9.Bxc4 a6 10.Ng5 h6 11.Nge4 Be7 12.Rd1 b5 13.Be2 Nxe4 14.Nxe4 Qb6 15.Bd2 c5
16.dxc5 Nxc5 17.Bb4 Bb7 18.Nxc5 Rac8 19.Rac1 Ba8 20.Qd2 Bxc5 21.Rxc5 Rxc5
22.Qd4 Qc6 23.Bf3 Rd5 24.Bxd5 exd5 25.Bxf8 Kxf8 26.e4 dxe4 27.Qd8+ Qe8 28.Qc7  1-0

[Event "9th LGA Premium Cup"]
[Site "Nuernberg GER"]
[Date "2012.09.08"]
[Round "5.73"]
[White "Braun,Mi2"]
[Black "Werner,T2"]
[Result "1-0"]
[WhiteElo "1855"]
[BlackElo "2022"]

1.c4 c6 2.d4 d5 3.Nf3 Nf6 4.e3 e6 5.Nc3 Nbd7 6.Bd3 dxc4 7.Bxc4 b5 8.Bd3 a6
9.O-O c5 10.b3 Bb7 11.Bb2 Be7 12.Rc1 O-O 13.Be2 Rc8 14.Qd3 Qb6 15.Rfd1 Rfd8
16.Qb1 cxd4 17.Nxd4 Nc5 18.Bf3 b4 19.Nce2 Nfe4 20.Ng3 f5 21.Nxe4 Nxe4 22.Be2 Bd5
23.Rxc8 Rxc8 24.Nxf5 Bc5 25.Qc1 Rf8 26.Rxd5 exd5 27.g4 Nxf2 28.Kxf2 g6 29.Bf3 gxf5
30.Bxd5+ Rf7 31.gxf5 Qd6 32.Qg1+ Kf8 33.Bxf7 Qd2+ 34.Kf3 Qxb2 35.Qg8+ Ke7
36.Qe8+ Kd6 37.Qd8+ Kc6 38.Be8+ Kb7 39.Qd5+ Kb8 40.Qxc5 Qxh2 41.Qb6+ Kc8
42.Qc6+ Kb8 43.Qb6+ Kc8 44.Qxa6+ Kc7 45.Qa7+ Kc8 46.Qd7+ Kb8 47.e4 Qxa2 48.Qb5+ Kc7
49.Qc4+ Kd8 50.f6  1-0

[Event "40th Olympiad Women"]
[Site "Istanbul TUR"]
[Date "2012.09.09"]
[Round "11.48"]
[White "Chung,Mathilde"]
[Black "Byun,S"]
[Result "1-0"]
[WhiteElo "1794"]
[BlackElo "1566"]

1.d4 d5 2.c4 c6 3.Nc3 e6 4.Nf3 Nf6 5.e3 Nbd7 6.Bd3 dxc4 7.Bxc4 b5 8.Bd3 a6
9.O-O Be7 10.e4 O-O 11.Be3 Bb7 12.e5 Nd5 13.Nxd5 cxd5 14.Rc1 h6 15.Nd2 f5
16.f4 g5 17.g4 gxf4 18.Bxf4 Bg5 19.gxf5 exf5 20.Qh5 Rc8 21.Qg6+ Kh8 22.Bxf5 Qe7
23.Bxg5 Qxg5+ 24.Qxg5 hxg5 25.Bxd7 Rxf1+ 26.Rxf1 Rc2 27.e6  1-0

[Event "40th Olympiad Open"]
[Site "Istanbul TUR"]
[Date "2012.09.09"]
[Round "11.45"]
[White "Munoz Sanchez,J"]
[Black "Alfaro Rojas,A"]
[Result "0-1"]
[WhiteElo "2262"]
[BlackElo "2239"]

1.d4 d5 2.Nf3 Nf6 3.c4 c6 4.Nc3 e6 5.e3 Nbd7 6.Bd3 dxc4 7.Bxc4 b5 8.Bd3 a6
9.O-O c5 10.Qe2 Bb7 11.Rd1 Qc7 12.a3 cxd4 13.exd4 Bd6 14.h3 O-O 15.Be3 Rac8
16.Rac1 Qb8 17.a4 b4 18.Nb1 a5 19.Nbd2 Nb6 20.Bb5 Rxc1 21.Rxc1 Rc8 22.Nb3 Rxc1+
23.Bxc1 Bd5 24.Nc5 Qc7 25.Be3 Nfd7 26.Ng5 h6 27.Nge4 Be7 28.f3 Bxe4 29.Nxe4 Nf6
30.Nc5 Nfd5 31.Bf2 Bd6 32.Qe4 Qe7 33.Bd3 g6 34.Bb5 Nf4 35.h4 Nbd5 36.Bc6 Qc7
37.Bb5 Kg7 38.Kh1 Nh5 39.Bd3 Bg3 40.Nxe6+ fxe6 41.Qxg6+ Kf8 42.Qxh6+ Ke7
43.Qxh5 Bxf2 44.Qg5+ Kd7 45.h5 Bxd4 46.b3 Qc3 47.Bb5+ Kc7 48.Qg3+ Kb7 49.Qh4 Qc1+
50.Kh2 Qg1+ 51.Kh3 Qh1+ 52.Kg4 Ne3+  0-1

[Event "40th Olympiad Open"]
[Site "Istanbul TUR"]
[Date "2012.09.09"]
[Round "11.25"]
[White "Gonzalez Garcia,J2"]
[Black "Idani,P"]
[Result "1-0"]
[WhiteElo "2532"]
[BlackElo "2477"]

1.d4 d5 2.c4 e6 3.Nf3 Nf6 4.Nc3 c6 5.e3 Nbd7 6.Qc2 Bd6 7.Bd3 dxc4 8.Bxc4 O-O
9.O-O b5 10.Be2 Bb7 11.Rd1 Qc7 12.Bd2 a6 13.b4 e5 14.a3 Rfe8 15.Bd3 h6 16.Rac1 Rad8
17.h3 exd4 18.exd4 Nb6 19.Re1 Rxe1+ 20.Rxe1 Bc8 21.Qc1 Re8 22.Rxe8+ Nxe8
23.Ne4 Be6 24.Nxd6 Qxd6 25.Bf4 Qd5 26.Qc5 Qxc5 27.dxc5 Nc4 28.Nd4 Bd5 29.Bf5 Nxa3
30.Bc8 Kf8 31.Bxa6 Ke7 32.Bb7 Kd7 33.Bc1 Nb1 34.Nxb5 Nc7 35.Nxc7 Kxc7 36.Ba6 f6
37.Bf4+ Kd7 38.Bd6 h5 39.Bf8 g5 40.b5 cxb5 41.Bxb5+ Kd8 42.f3 Na3 43.Ba4 Nc4
44.Kf2 Ne5 45.Bd6 Nc4 46.Bh2 h4 47.Bb5 Ne5 48.Ke3 Nc6 49.Bd3 Ke7 50.Bf5 Be6
51.Bd6+ Kf7 52.Be4 Bd7 53.Bd5+ Kg6 54.Kd3 Nb4+ 55.Kc4 Nxd5 56.Kxd5 Kf7 57.c6 Be6+
58.Kc5 Ke8 59.Bh2 Ke7 60.Bg1 Bc8 61.Bd4 f5 62.Be3 Kf6 63.Kd6 g4 64.f4 g3
65.Bd4+ Kf7 66.Kc7 Ba6 67.Kd8 Ke6 68.c7  1-0

[Event "40th Olympiad Open"]
[Site "Istanbul TUR"]
[Date "2012.09.09"]
[Round "11.14"]
[White "Illescas Cordoba,M"]
[Black "Perunovic,Mil"]
[Result "0-1"]
[WhiteElo "2601"]
[BlackElo "2614"]

1.d4 d5 2.c4 c6 3.Nc3 Nf6 4.e3 e6 5.Nf3 Nbd7 6.Qc2 Bd6 7.Bd3 O-O 8.O-O dxc4
9.Bxc4 a6 10.Rd1 b5 11.Be2 Qc7 12.e4 e5 13.g3 Re8 14.dxe5 Nxe5 15.Bg5 Nxf3+
16.Bxf3 Ng4 17.Bg2 h6 18.Bd2 Bb7 19.h3 Ne5 20.Be1 Rad8 21.b3 Bc5 22.Kh1 Ba7
23.f4 Qb6 24.Ne2 Nd7 25.Bc3 c5 26.g4 Nf6 27.Ng3 c4 28.bxc4 Qe3 29.Nf5 Rxd1+
30.Rxd1 Qxf4 31.Bxf6 gxf6 32.Qd2 Qxd2 33.Rxd2 bxc4 34.Rd7 Rb8 35.Rc7 Bb6
36.Rxc4 Rd8 37.Rc1 Rd2 38.Bf3 Rf2 39.Bg2 Rxa2 40.Nd6 Be3 41.Re1 Bd2 42.Rb1 Bc6
43.e5 Bxg2+ 44.Kxg2 fxe5 45.Rb8+ Kg7 46.Kf3 Ra3+ 47.Ke4 Re3+ 48.Kf5 Rf3+
49.Ke4 Rxh3 50.Nf5+ Kf6 51.Rb6+ Kg5 52.Rxa6 Kxg4 53.Kxe5 Bf4+ 54.Ke4 Rb3
55.Rf6 Rb7 56.Ne3+ Bxe3 57.Kxe3 h5 58.Kf2 Kg5 59.Ra6 Rb2+ 60.Kg3 f5 61.Ra3 Rb4
62.Rc3 Rg4+ 63.Kf3 h4 64.Rc8 Rg3+ 65.Kf2 Ra3 66.Kg2 Kg4 67.Rg8+ Kf4 68.Rh8 Ra2+
69.Kh3 Kf3 70.Rf8 f4 71.Kxh4 Ra7 72.Rg8 Ra1 73.Rf8 Rg1 74.Rf7 Rg8 75.Rh7 Kg2  0-1

[Event "FSIM Sept 2012"]
[Site "Budapest HUN"]
[Date "2012.09.10"]
[Round "10.2"]
[White "Petran,Pa"]
[Black "Nguyen Huynh Minh Huy"]
[Result "0-1"]
[WhiteElo "2331"]
[BlackElo "2435"]

1.d4 d5 2.c4 c6 3.Nf3 Nf6 4.e3 e6 5.Nc3 a6 6.Bd2 Nbd7 7.Qc2 Bd6 8.Bd3 Qe7
9.O-O O-O 10.Rfe1 dxc4 11.Bxc4 b5 12.Bd3 h6 13.e4 e5 14.Ne2 c5 15.dxe5 Nxe5
16.Nxe5 Bxe5 17.f4 c4 18.fxe5 Qa7+ 19.Nd4 Qxd4+ 20.Be3 Qxe5 21.Be2 Bb7 22.Bf3 Rfe8
23.Rad1 Bxe4 24.Bxe4 Qxe4 25.Qc3 Nd5  0-1

[Event "3rd Livigno Open A"]
[Site "Livigno ITA"]
[Date "2012.09.11"]
[Round "2.6"]
[White "Bruno,Fabi"]
[Black "Sveshnikov,E"]
[Result "1/2-1/2"]
[WhiteElo "2423"]
[BlackElo "2530"]

1.d4 d5 2.Nf3 Nf6 3.c4 e6 4.Nc3 c6 5.e3 Nbd7 6.Bd3 dxc4 7.Bxc4 b5 8.Bd3 b4
9.Ne4 Nxe4 10.Bxe4 Bb7 11.O-O Bd6 12.a3 bxa3 13.b3 Nf6 14.Bd3 c5 15.Bb5+ Ke7
16.Bxa3 Qb6 17.dxc5 Bxc5 18.Qc1 Rhc8 19.Nd4 Ne4 20.Bc4 a5 21.Qb2 Bxa3 22.Qxa3+ Qb4
23.Rfc1 Nd6 24.Nc2 Qxa3 25.Nxa3 Rc5 26.Bd3 Rac8 27.Rxc5 Rxc5 28.Nc4 Nxc4
29.Bxc4 Bd5 30.Kf1 Kd6 31.f3 h5 32.Ke2 h4 33.h3 Bc6 34.Kd3 Kc7 35.e4 Kb6
36.Kc3 Rg5 37.Ra2 f5 38.exf5 exf5 39.Kd4 f4 40.Re2 Rg6 41.Kc3 Bb5 42.Bxb5 Kxb5
43.Re5+ Kb6 44.Rf5 Rxg2 45.Rxf4 g5 46.Rf6+ Kc7 47.Rf5 Rg3 48.Rxa5 Rxf3+ 49.Kd4 Rg3
50.Ke4 Kb6 51.b4 g4 52.hxg4 Rxg4+ 53.Kf3 Rxb4 54.Rh5 Kc6 55.Kg2 Kd6  1/2-1/2

[Event "3rd Livigno Open A"]
[Site "Livigno ITA"]
[Date "2012.09.12"]
[Round "3.8"]
[White "Polak,T"]
[Black "Bruno,Fabi"]
[Result "1/2-1/2"]
[WhiteElo "2522"]
[BlackElo "2423"]

1.d4 d5 2.c4 c6 3.Nc3 Nf6 4.e3 e6 5.Nf3 a6 6.b3 Bb4 7.Bd2 Nbd7 8.Bd3 O-O
9.O-O Qe7 10.Qc2 dxc4 11.bxc4 e5 12.Ne4 Bxd2 13.Nexd2 Re8 14.Ng5 Nf8 15.c5 Rd8
16.Ngf3 exd4 17.Nxd4 Be6 18.Rab1 Rd5 19.Qb2 Bc8 20.N2b3 Ng4 21.h3 Ne5 22.Be2 a5
23.a4 Neg6 24.Rfd1 Nh4 25.Nf3 Nxf3+ 26.Bxf3 Rg5 27.h4 Rg6 28.Qd4 Bf5 29.Rbc1 h5
30.Kf1 Bg4 31.Qf4 Qxh4 32.Nd4 Re8 33.Rc4 Qh1+ 34.Ke2 Qxg2 35.Qxg4 Qxg4 36.Bxg4 Rxg4
37.Rcc1 g6 38.Rb1 Ne6 39.Nxe6 Rxe6 40.Rxb7 Rc4 41.Rd6 Rxc5 42.Rxe6 fxe6 43.Ra7 h4
44.Kf1 Rg5 45.f4 Rg4 46.Rxa5 h3 47.Ra8+ Kg7 48.Ra7+ Kf6 49.Rh7 Rg3 50.Kf2 Rg2+
51.Kf3 Ra2 52.Rxh3 Rxa4 53.Rh8 Rc4 54.Rf8+ Ke7 55.Rg8 Kf7 56.Rc8 Kf6 57.Rf8+ Kg7
58.Re8 Kf7  1/2-1/2

[Event "Skovbo GM Open 2012"]
[Site "Borup DEN"]
[Date "2012.09.15"]
[Round "2.6"]
[White "Kunin,V"]
[Black "Smith,Ax"]
[Result "1/2-1/2"]
[WhiteElo "2511"]
[BlackElo "2503"]

1.d4 d5 2.c4 e6 3.Nc3 c6 4.e3 Nf6 5.Nf3 Nbd7 6.Qc2 g6 7.Be2 Bg7 8.O-O O-O
9.Rd1 Re8 10.b3 b6 11.Bb2 Bb7 12.Rac1 Rc8 13.Qb1 Qe7 14.h3 Red8 15.Qa1 Ne4
16.Nxe4 dxe4 17.Nd2 c5 18.Nf1 f5 19.Rd2 cxd4 20.Bxd4 Bxd4 21.Rxd4 Nb8 22.Rcd1 Nc6
23.Rxd8+ Rxd8 24.Rxd8+ Qxd8 25.Qc3 Qd6 26.h4 a5 27.h5 Qe5 28.Qd2 Qc7 29.f4 Qd8
30.Qc3 Qf8 31.Nd2 Qg7 32.Nb1 gxh5 33.Qxg7+ Kxg7 34.Nc3 Nb8 35.Bxh5 Bc6 36.g4 fxg4
37.Bxg4 Kf6 38.Kf2 Na6 39.Ne2 e5 40.Ng3 Nb4 41.Nh5+ Ke7 42.fxe5 Nxa2 43.Ng3 Nc1
44.Nf5+ Kd8 45.Nd4 Nd3+ 46.Kg3 Nxe5 47.Bf5 h6 48.c5 b5 49.Kf4 Nd3+ 50.Kg3 Bd5
51.Nxb5 Nxc5 52.Kf4 Bxb3 53.Ke5 Ke7 54.Kd4 Ne6+ 55.Kxe4 Bc2+ 56.Ke5 Bxf5
57.Kxf5 h5 58.e4 a4 59.e5 Ng7+ 60.Kf4 h4 61.Kg4 Nf5 62.Na3 Kd7 63.Nc4 Ke6
64.Kh3 Ke7 65.Kg4 Ke6 66.Kh3 Kf7 67.Kg4 Kg6 68.Na3 Ne3+ 69.Kxh4 Kf5 70.Kg3 Kxe5
71.Kf3 Kd4 72.Ke2 Nd5 73.Kd2 Nb4 74.Nc2+ Kc4 75.Nxb4 Kxb4 76.Kc2 a3 77.Kb1 Kb3
78.Ka1 a2  1/2-1/2

[Event "Skovbo GM Open 2012"]
[Site "Borup DEN"]
[Date "2012.09.15"]
[Round "2.31"]
[White "Rasmussen,He2"]
[Black "Brondum,Jan Kraul"]
[Result "1/2-1/2"]
[WhiteElo "1783"]
[BlackElo "1625"]

1.d4 Nf6 2.Nf3 d5 3.c4 c6 4.e3 e6 5.Nc3 Nbd7 6.Bd3 dxc4 7.Bxc4 Nb6 8.Be2 Bb4
9.O-O O-O 10.a3 Bxc3 11.bxc3 Nbd5 12.Qc2 Ne7 13.e4 Ng6 14.Bd3 b6 15.Bg5 h6
16.Bd2 Qc7 17.e5 Nd5 18.Bxg6 fxg6 19.Qxg6 Ne7 20.Qd3 a5 21.Rfe1 Ba6 22.Qe4 Bc4  1/2-1/2

[Event "TCh-NED Meesterklasse 2012-13"]
[Site "Den Bosch NED"]
[Date "2012.09.15"]
[Round "1.10"]
[White "Ondersteijn,N"]
[Black "Van de Oudeweetering,A"]
[Result "0-1"]
[WhiteElo "2322"]
[BlackElo "2312"]

1.d4 d5 2.c4 c6 3.Nc3 Nf6 4.e3 e6 5.Nf3 Nbd7 6.b3 Bb4 7.Bd2 Be7 8.Bd3 b6
9.O-O Bb7 10.Qe2 O-O 11.Rad1 Qc7 12.Rfe1 Rad8 13.Bb1 dxc4 14.Qxc4 c5 15.e4 e5
16.d5 Ne8 17.Qe2 a6 18.a4 Nd6 19.Rc1 Rde8 20.Nd1 f5 21.Bg5 fxe4 22.Bxe4 Nxe4
23.Bxe7 Rxe7 24.Qxe4 Nf6 25.Qh4 Nxd5 26.Qg3 Nf4 27.Rc3 Rf6 28.Ne3 Rg6 29.Ng5 h6
30.Nf5 Rf7 31.Qxf4 Rxg5 32.Rxe5 Rgxf5 33.Re8+ Kh7 34.Qe3 Qc6 35.f3 Rg5 36.h4 Rxf3
37.Qxf3 Rxg2+ 38.Qxg2 Qxg2+  0-1

[Event "TCh-HUN 2012-13"]
[Site "Nagykanizsa HUN"]
[Date "2012.09.16"]
[Round "1"]
[White "Aczel,G"]
[Black "Berczes,D"]
[Result "1/2-1/2"]
[WhiteElo "2431"]
[BlackElo "2528"]

1.d4 d5 2.c4 e6 3.Nc3 c6 4.e3 Nf6 5.Nf3 Nbd7 6.b3 Bb4 7.Bd2 O-O 8.Bd3 Bd6
9.O-O Qe7 10.Qc2 Re8 11.Rfe1 e5 12.dxe5 Nxe5 13.Nxe5 Bxe5 14.cxd5 cxd5 15.f4 Bc7
16.Bxh7+ Kh8 17.Bd3 Bd7 18.h3 Rac8 19.Qd1 Kg8 20.Rc1 Bb6 21.Kh1 a6 22.e4 Ng4
23.Nxd5  1/2-1/2

[Event "TCh-HUN 2012-13"]
[Site "Nagykanizsa HUN"]
[Date "2012.09.16"]
[Round "1"]
[White "Bodiroga,P"]
[Black "Pinter,J"]
[Result "0-1"]
[WhiteElo "2394"]
[BlackElo "2547"]

1.d4 Nf6 2.c4 e6 3.Nf3 d5 4.Nc3 c6 5.e3 Nbd7 6.Qc2 Bd6 7.Be2 O-O 8.O-O Qe7
9.b3 b6 10.e4 dxe4 11.Nxe4 Nxe4 12.Qxe4 Bb7 13.Bf4 Bxf4 14.Qxf4 Rac8 15.Rad1 Rfd8
16.Rd2 Nf8 17.Rfd1 a5 18.Qe3 Rd6 19.Ne5 Rcd8 20.Bh5 g6 21.Bf3 f6 22.c5 bxc5
23.Nc4 cxd4 24.Rxd4 Rxd4 25.Rxd4 Ra8 26.Rd6 a4 27.g3 axb3 28.Qxb3 Ba6 29.Rd2 Qc5
30.Ne3 Bb5 31.Rc2 Qd6 32.Qb2 e5 33.Qb3+ Kh8 34.Qf7 Rd8 35.Rc1 Qe6 36.Qb7 Re8
37.Qa7 Qe7 38.Qa5 e4 39.Bd1 Qd6 40.a4 Bd3 41.Qc3 Rc8 42.Bg4 Rc7 43.Nc4 Bxc4
44.Qxc4 Qe5 45.Rd1 f5 46.Rd8 Qf6 47.Ra8 fxg4 48.a5 Rf7 49.Qc5 Kg7 50.a6 Ne6
51.Qe3 Ng5  0-1

[Event "TCh-HUN 2012-13"]
[Site "Paks HUN"]
[Date "2012.09.16"]
[Round "1"]
[White "Bakos,B"]
[Black "Balazs,G2"]
[Result "1/2-1/2"]
[WhiteElo "2376"]
[BlackElo "2422"]

1.d4 d5 2.c4 c6 3.Nf3 Nf6 4.Nc3 e6 5.e3 Nbd7 6.Qc2 Bd6 7.Bd3 O-O 8.O-O dxc4
9.Bxc4 a6 10.Rd1 b5 11.Be2 Qc7 12.e4 e5 13.g3 Re8 14.a3 exd4 15.Nxd4 Be5
16.Be3 c5 17.Nf5 Nb6 18.Bf3 Be6 19.Rac1 Rad8 20.b3 c4 21.Rxd8 Rxd8 22.Bxb6 Qxb6
23.bxc4 Bxc4 24.Nd5 Nxd5 25.exd5 Qf6 26.a4 h5 27.axb5 axb5 28.Be4 Bxd5 29.Bxd5 Rxd5
30.Qe4 Rd8  1/2-1/2

[Event "DYTM KL Open 2012"]
[Site "Kuala Lumpur MAS"]
[Date "2012.09.18"]
[Round "1.12"]
[White "Nguyen Anh Dung"]
[Black "Tan,Li Ting"]
[Result "1-0"]
[WhiteElo "2455"]
[BlackElo "1834"]

1.d4 d5 2.c4 e6 3.Nc3 Nf6 4.Nf3 c6 5.e3 Nbd7 6.Bd3 Be7 7.O-O O-O 8.Qe2 Qc7
9.e4 dxe4 10.Nxe4 c5 11.Bg5 b6 12.Nc3 cxd4 13.Nb5 Qc5 14.Nbxd4 Bb7 15.Rfe1 Rfe8
16.Rad1 Rad8 17.Bc2 Ba6 18.b3 Bb7 19.Bf4 Nf8 20.h3 a6 21.Qe3 Bd6 22.Nxe6 Nxe6
23.Bxd6 Rxd6 24.Qxc5 Nxc5 25.Rxd6 Bxf3 26.Rxe8+ Nxe8 27.Rxb6 Be4 28.Bxe4 Nxe4
29.Rxa6 Kf8 30.f3 Nc5 31.Ra7 Nd6 32.b4 Ne6 33.c5 Nb5 34.Rb7 Nbd4 35.a4 Ke8
36.a5 Nd8 37.a6  1-0

[Event "TCh-SRB Prem 2012"]
[Site "Valjevo SRB"]
[Date "2012.09.18"]
[Round "2.2"]
[White "Antic,De"]
[Black "Ivanisevic,I"]
[Result "0-1"]
[WhiteElo "2476"]
[BlackElo "2645"]

1.d4 d5 2.c4 c6 3.Nf3 Nf6 4.e3 e6 5.Nc3 Nbd7 6.Qc2 Bd6 7.b3 O-O 8.Be2 a6
9.O-O e5 10.dxe5 Nxe5 11.Nxe5 Bxe5 12.Bb2 dxc4 13.bxc4 Qa5 14.f4 Bc7 15.Kh1 Ng4
16.Bxg4 Bxg4 17.f5 f6 18.h3 Bh5 19.Ne4 Rfe8 20.Bd4 Bf7 21.c5 Be5 22.Rf4 b5
23.Nd6 Bxd6 24.cxd6 Bd5 25.Rd1 Qd8 26.Bc5 Qd7 27.Rfd4 Re5 28.e4 Bc4 29.Rxc4 bxc4
30.Bd4 Ree8 31.Qxc4+ Qf7 32.Qxf7+ Kxf7 33.Bb6 Reb8 34.Bc7 Rb7 35.Rc1 Ke8
36.Rxc6 Kd7 37.Rc3 Rb4 38.Rg3 Rg8 39.Ra3 g6 40.Rxa6 gxf5 41.exf5 Rb1+ 42.Kh2 Rb2
43.Bb6 Rgxg2+ 44.Kh1 Rh2+ 45.Kg1 Rbg2+ 46.Kf1 Rxa2 47.Bg1 Rhc2  0-1

[Event "Vladivostok Russian Cup 2012"]
[Site "Vladivostok RUS"]
[Date "2012.09.18"]
[Round "2.19"]
[White "Belyi,V"]
[Black "Sukhareva,E"]
[Result "0-1"]
[WhiteElo "2102"]
[BlackElo "2268"]

1.d4 d5 2.Nf3 e6 3.c4 Nf6 4.Nc3 c6 5.e3 a6 6.Bd3 dxc4 7.Bxc4 b5 8.Bd3 c5
9.O-O Bb7 10.Re1 Nbd7 11.e4 cxd4 12.Nxd4 Nc5 13.Bc2 b4 14.Nd5 Nxd5 15.Qe2 Nf6
16.Be3 Qb8 17.Rac1 Be7 18.f3 O-O 19.Qf2 Re8 20.Ne2 Rc8 21.Bb1 Ncd7 22.Rcd1 Bc5
23.Nd4 g6 24.Kh1 e5 25.Ne2 Qa7 26.Bxc5 Nxc5 27.Qh4 Qb6 28.Qg5 Nfd7 29.Ng3 Qf6
30.Qg4 Qf4 31.Qh3 Rd8 32.Ne2 Qg5  0-1

[Event "DYTM KL Open 2012"]
[Site "Kuala Lumpur MAS"]
[Date "2012.09.19"]
[Round "3.13"]
[White "Lim,C"]
[Black "Lee Kah Meng Elgin"]
[Result "1-0"]
[WhiteElo "2317"]
[BlackElo "2058"]

1.d4 d5 2.c4 c6 3.Nc3 Nf6 4.e3 e6 5.Nf3 Nbd7 6.b3 b6 7.Be2 Bb4 8.Bd2 Bb7
9.O-O Bd6 10.Qc2 O-O 11.Rad1 Qe7 12.Rfe1 Rac8 13.e4 dxe4 14.Nxe4 Nxe4 15.Qxe4 Nf6
16.Qh4 c5 17.d5 exd5 18.Bg5 h6 19.Bd3 hxg5 20.Nxg5 Qc7 21.Bh7+ Kh8 22.Bf5+ Kg8
23.Nh7 g6 24.Nxf6+ Kg7 25.Nh5+ Kh7 26.Qf6 Rg8 27.Bxc8 Bxc8 28.Rxd5 Be6 29.Rxe6 fxe6
30.Qxe6 Bxh2+ 31.Kh1 Rd8 32.Nf6+ Kh8 33.Rxd8+  1-0

[Event "Vladivostok Russian Cup 2012"]
[Site "Vladivostok RUS"]
[Date "2012.09.19"]
[Round "3.13"]
[White "Aleksandrov,A"]
[Black "Tsilidis,A"]
[Result "1/2-1/2"]
[WhiteElo "2591"]
[BlackElo "2259"]

1.d4 d5 2.c4 c6 3.Nf3 Nf6 4.e3 e6 5.Nc3 Nbd7 6.Qc2 Bd6 7.g4 Bb4 8.Bd2 Qe7
9.Rg1 Bxc3 10.Bxc3 Ne4 11.O-O-O b6 12.cxd5 exd5 13.Bd3 O-O 14.Bxe4 Qxe4 15.Qxe4 dxe4
16.Nd2 Re8 17.g5 Ba6 18.b4 Bd3 19.a4 Re6 20.Kb2 f5 21.gxf6 Nxf6 22.d5 cxd5
23.f4 exf3 24.Nxf3 Bg6 25.Ne5 Ne4 26.Bd4 Rae8 27.Nxg6 hxg6 28.Rc1 Nd6 29.Rc7 Nf5
30.Kc3 R8e7 31.Rxe7 Nxe7 32.a5 Nf5 33.Ra1 Nxe3 34.axb6 axb6 35.Ra6 Nf5 36.Rxb6 Nxd4
37.Rb8+ Kf7 38.Kxd4 Re2 39.h3 Rh2 40.b5 Ke6 41.Kc5 Rxh3 42.Re8+ Kd7 43.Rg8 Rc3+
44.Kb6 d4 45.Rxg7+ Kd6 46.Rxg6+ Ke5 47.Rg8  1/2-1/2

[Event "DYTM KL Open 2012"]
[Site "Kuala Lumpur MAS"]
[Date "2012.09.20"]
[Round "5.10"]
[White "Barbosa,O PHI"]
[Black "Aris,T"]
[Result "1-0"]
[WhiteElo "2554"]
[BlackElo "2263"]

1.d4 Nf6 2.c4 e6 3.Nf3 d5 4.Nc3 c6 5.e3 Nbd7 6.Qc2 a6 7.b3 Bb4 8.a3 Ba5 9.Be2 O-O
10.O-O Qe7 11.Bb2 Re8 12.Rad1 b5 13.b4 Bb6 14.Ne5 Nxe5 15.dxe5 Nd7 16.c5 Bc7
17.f4 f6 18.exf6 Nxf6 19.e4 Rf8 20.e5 Ne8 21.Bd3 g6 22.Ne2 Ng7 23.Nd4 Bd7
24.g4 Qh4 25.Qg2 a5 26.f5 axb4 27.f6 Qg5 28.Rde1 h5 29.h3 hxg4 30.hxg4 bxa3
31.Bc1 Qxe5 32.Rxe5 Bxe5 33.Nf3 a2 34.Nxe5 a1=Q 35.Bb2 Qa7 36.f7+ Rxf7 37.Rxf7 Qxc5+
38.Kh1 d4 39.Nxd7 Qd6 40.Bxg6  1-0

[Event "Skovbo GM Open 2012"]
[Site "Borup DEN"]
[Date "2012.09.21"]
[Round "6.21"]
[White "Sorensen,D"]
[Black "Schmidt,Ho DEN"]
[Result "1-0"]
[WhiteElo "2041"]
[BlackElo "1863"]

1.d4 d5 2.Nf3 Nf6 3.c4 e6 4.Nc3 c6 5.e3 Bd6 6.Bd3 O-O 7.O-O Nbd7 8.Qc2 dxc4
9.Bxc4 Nb6 10.Be2 Bd7 11.e4 Be7 12.h3 Rc8 13.Rd1 Qc7 14.Be3 Rfd8 15.Rac1 Be8
16.a4 a6 17.Qb3 c5 18.dxc5 Rxd1+ 19.Rxd1 Bxc5 20.Bxc5 Qxc5 21.Bd3 h6 22.Bb1 g6
23.e5 Nfd5 24.Ne4 Qc7 25.Qd3 Bxa4 26.b3 Bb5 27.Qd2 Kg7 28.Nf6 Nc3 29.Ng4 Rh8
30.Re1 Nbd5 31.Nd4 h5 32.Nf6 Nxb1 33.Nxd5 exd5 34.Qg5 Kf8 35.Qf6 Kg8 36.Rxb1 Kh7
37.e6 Be8 38.Re1 Rf8 39.e7 Rg8 40.Nf3 Rg7 41.Ng5+ Kg8 42.Re6 Qd7 43.Rd6 Qb5
44.Rd8 d4 45.Rxd4 Bd7 46.h4 a5 47.Qd6 Be8 48.Qd8 f6 49.Ne6 Rf7 50.Nc7 Qc6
51.Nxe8 Qc1+ 52.Rd1  1-0

[Event "Vladivostok Russian Cup 2012"]
[Site "Vladivostok RUS"]
[Date "2012.09.21"]
[Round "5.27"]
[White "Chkhan,V"]
[Black "Petko,Darya"]
[Result "1/2-1/2"]
[WhiteElo "2031"]
[BlackElo "1817"]

1.d4 Nf6 2.c4 e6 3.Nf3 d5 4.Nc3 c6 5.e3 Nbd7 6.Bd3 Bd6 7.O-O O-O 8.Qe2 dxc4
9.Bxc4 b5 10.Bd3 Bb7 11.e4 e5 12.Bg5 exd4 13.Nxd4 b4 14.Nb1 Nc5 15.Rd1 Bxh2+
16.Kxh2 Qxd4 17.Bc2 Qxb2 18.e5 Ng4+ 19.Qxg4 Qxc2 20.Nd2 Qg6 21.Qxb4 Nd3 22.Qxb7 Qxg5
23.Nf3 Qh5+ 24.Kg1 Nxe5 25.Nxe5 Qxe5 26.Qxc6 Rac8 27.Qd7 Rc7 28.Qd2 Rc6 29.Qd5 Qc7
30.Qd7 g6 31.Qxc7 Rxc7 32.Rac1 Rb7 33.Rb1 Rc7 34.Rbc1 Rb7 35.Rb1 Rc7 36.Rbc1 Rb7
37.Rb1 Rc7 38.Rbc1 Rb7 39.Rb1 Rc7 40.Rbc1 Rb7  1/2-1/2

[Event "Baku Open 2012"]
[Site "Baku AZE"]
[Date "2012.09.22"]
[Round "1.1"]
[White "Rzayev,B"]
[Black "Korobov,A"]
[Result "1/2-1/2"]
[WhiteElo "2370"]
[BlackElo "2705"]

1.c4 c6 2.Nf3 d5 3.e3 Nf6 4.d4 e6 5.Nc3 Nbd7 6.Be2 dxc4 7.Bxc4 b5 8.Bd3 Bb7
9.O-O a6 10.Qe2 c5 11.Rd1 Qb6 12.b3 Be7 13.Bb2 O-O 14.Rac1 Rac8 15.Bb1 Rc7
16.Ne5 cxd4 17.exd4 Rfc8 18.Nxd7 Rxd7 19.Ne4 Rxc1 20.Rxc1 Nxe4 21.Bxe4 Bf6
22.Qf3 Bxe4 23.Rc8+ Rd8 24.Rxd8+ Qxd8 25.Qxe4 g6 26.g3 Kg7 27.Bc3 Qb6 28.a3 Qd6
29.Bb2 Qc7 30.h4 h5 31.Kf1 a5 32.Qd3 Qc6 33.Bc3 a4 34.b4 Qd5 35.Ke2 Kf8 36.Bb2 Ke7
37.Kd2 Kd6 38.Qc3 Kd7 39.Qd3 Bd8 40.Ke2 Bb6 41.Qf3 Qxf3+ 42.Kxf3 Kd6 43.Ke4 f5+
44.Kd3 e5 45.dxe5+ Kd5 46.Ke2 Bc7 47.Ke3 Bxe5 48.Bxe5 Kxe5 49.f4+ Kd5 50.Kd3  1/2-1/2

[Event "TCh-SRB Prem w 2012"]
[Site "Valjevo SRB"]
[Date "2012.09.22"]
[Round "6.2"]
[White "Rakic,Ma"]
[Black "Eric,J"]
[Result "1-0"]
[WhiteElo "2300"]
[BlackElo "2230"]

1.d4 d5 2.c4 e6 3.Nc3 c6 4.Nf3 Nf6 5.e3 a6 6.Qc2 dxc4 7.Bxc4 c5 8.dxc5 Bxc5
9.O-O Nbd7 10.e4 b5 11.Bd3 Bb7 12.e5 Nd5 13.Nxd5 Bxd5 14.Be4 Bxe4 15.Qxe4 O-O
16.Ng5 g6 17.Qh4 h5 18.Qg3 Qe7 19.Bf4 Rfc8 20.Ne4 Qe8 21.Rad1 Be7 22.Bg5 Nc5
23.Nd6 Bxd6 24.exd6 Qc6 25.Rd4 Ne4 26.Rxe4 Qxe4 27.d7 Rf8 28.Qc7 Qd5 29.Be7 Rfb8
30.h3 Kg7 31.Rc1 Qd4 32.Rc6 h4 33.Rd6 Qe5 34.Bxh4 Qe1+ 35.Kh2 Qe5+ 36.Bg3 Qf6
37.Rd3 Qd8 38.Qe5+ f6 39.Qxe6 Rb6 40.Rd6 Rxd6 41.Bxd6 Ra7 42.Be7 Qxd7 43.Qxf6+ Kh7
44.Qf7+ Kh6 45.Bf8+ Kh5 46.g4+  1-0

[Event "TCh-SRB Prem w 2012"]
[Site "Valjevo SRB"]
[Date "2012.09.22"]
[Round "6.3"]
[White "Vojinovic,J"]
[Black "Dimitrijevic,A"]
[Result "1/2-1/2"]
[WhiteElo "2331"]
[BlackElo "2280"]

1.d4 d5 2.c4 c6 3.Nf3 Nf6 4.Nc3 e6 5.e3 Nbd7 6.Qc2 Bd6 7.Bd3 dxc4 8.Bxc4 O-O
9.O-O a6 10.Rd1 b5 11.Be2 Qc7 12.Ne4 Nxe4 13.Qxe4 Be7 14.Bd2 Bb7 15.Rac1 c5
16.Qb1 Qb6 17.dxc5 Nxc5 18.Bc3 Be4 19.Qa1 b4 20.Bd4 Rac8 21.Nd2 Bd5 22.b3 f6
23.Bf3 Bxf3 24.Nxf3 Rfd8 25.Bxc5 Rxd1+ 26.Rxd1 Qxc5 27.Nd2 Qc2 28.Nc4 Rd8
29.Rxd8+ Bxd8  1/2-1/2